000
00303nam a22001337a 4500
008
170607b xxu||||| |||| 00| 0 eng d
020
_a
9780395907351
041
_a
eng
080
_2
6 ED
_a
927
100
_a
18
101
_a
SHP
245
_a
THE CHALLENGE OF DEMOCRACI
_c
JANDA.K
942
_2
udc
_c
BK
999
_c
16302
_d
16302